Agricultural tenancies (Record no. 67063)
[ view plain ]
| 000 -LEADER | |
|---|---|
| fixed length control field | 00696cam a2200205 4500 |
| 001 - CONTROL NUMBER | |
| control field | X112670 |
| 008 - FIXED-LENGTH DATA ELEMENTS--GENERAL INFORMATION | |
| fixed length control field | 000000n2001 000 0 eng u |
| 035 ## - SYSTEM CONTROL NUMBER | |
| System control number | (Sirsi) u112670 |
| 100 ## - MAIN ENTRY--PERSONAL NAME | |
| Personal name | Sheard, M. |
| 245 ## - TITLE STATEMENT | |
| Title | Agricultural tenancies |
| 260 ## - PUBLICATION, DISTRIBUTION, ETC. | |
| Date of publication, distribution, etc. | 2001 |
| 490 ## - SERIES STATEMENT | |
| Series statement | Taxation |
| Volume/sequential designation | 3 May 2001, 116-117(2) |
| 520 ## - SUMMARY, ETC. | |
| Summary, etc. | P116 refers to joint RICS and VO guidance - document referred to is 'Valuations and apportionment for taxation purposes' ( CSM Feb 2000 p20.(summary) Text available from RICS Library . |
| 650 ## - SUBJECT ADDED ENTRY--TOPICAL TERM | |
| Topical term or geographic name entry element | PROPERTY-LANDLORD AND TENANT-TENANCIES-AGRICULTURAL TENANCIES |
| 650 ## - SUBJECT ADDED ENTRY--TOPICAL TERM | |
| Topical term or geographic name entry element | VALUATIONS |
| 650 ## - SUBJECT ADDED ENTRY--TOPICAL TERM | |
| Topical term or geographic name entry element | RICS |
| 650 ## - SUBJECT ADDED ENTRY--TOPICAL TERM | |
| Topical term or geographic name entry element | APPORTIONMENT |
| 690 ## - LOCAL SUBJECT ADDED ENTRY--TOPICAL TERM (OCLC, RLIN) | |
| Topical term or geographic name as entry element | TAXATION |
| 942 ## - ADDED ENTRY ELEMENTS (KOHA) | |
| Suppress in OPAC | 0 |
| Withdrawn status | Lost status | Source of classification or shelving scheme | Damaged status | Not for loan | Home library | Current library | Shelving location | Date acquired | Total Checkouts | Full call number | Barcode | Date last seen | Copy number | Price effective from | Koha item type |
|---|---|---|---|---|---|---|---|---|---|---|---|---|---|---|---|
| Dewey Decimal Classification | London | London | Journal article | 18/05/2001 | X112670 | 112670-1001 | 06/08/2019 | 1 | 06/08/2019 | Journal article |